Wszyscy polscy zwycięzcy konkursu pucharu świata - Statystyki

Ogólne statystyki
  • Ten quiz został rozwiązany 282 razy
  • Średni wynik to 7 z 9
Statystyki odpowiedzi
Odpowiedź % Poprawnych
34 Kamil Stoch
100%
39 Adam Małysz
99%
4 Dawid Kubacki
98%
1 Piotr Żyła
97%
2 Maciej Kot
91%
1 Jan Ziobro
64%
1 Krzysztof Biegun
56%
3 Piotr Fijas
45%
1 Stanislaw Bobak
28%
Nie znaleziono quizów pasujących do podanych kryteriów
Rozkład punktacji
Procent ludzi z każdym wynikiem
Percentyl według liczby udzielonych odpowiedzi
Twoja historia wyników
Nie rozwiązałeś tego quizu